[Event "Edmonton 11th"]
[Site "Edmonton"]
[Date "2016.06.19"]
[Round "2"]
[White "Ganguly, Surya Shekhar"]
[Black "Sethuraman, SP."]
[Result "1-0"]
[WhiteElo "2654"]
[BlackElo "2653"]
[Annotator "Ganguly,Surya"]
[PlyCount "103"]
[EventDate "2016.06.18"]
[EventType "tourn"]
[EventRounds "9"]
[EventCountry "CAN"]
[EventCategory "9"]
[SourceTitle "CBM 173"]
[Source "ChessBase"]
[SourceDate "2016.07.12"]
[SourceVersion "1"]
[SourceVersionDate "2016.07.12"]
[SourceQuality "1"]

1. e4 c6 {Sethuraman who is better known among his friends as Sethu or SP, is
capable of playing pretty much anything and everything so it was not
surprising that he chose the Caro-Kann for this game, an opening which he has
tried very rarely so far.} 2. d4 d5 3. e5 Bf5 4. Nf3 e6 5. Be2 Ne7 6. O-O h6 7.
Nbd2 Nd7 8. Nb3 g5 {Black has number of setups which he can opt for and this
is one of the most dynamic, which perfectly suits Sethu's style.} 9. a4 {
A slightly rare move compared to Re1 and Bd2. Anticipating that Black would
love to castle on the queenside White tries to discourage that as much as
possible.} Bg7 10. a5 O-O 11. Re1 {As a result of confusing lines. I
remembered this Re1-Bd3 idea which happened in the game but forgot that it
works mainly after ...Qc7.} (11. c3 {would have been a much better choice.} Ng6
{now Black can't play this move anymore as...} 12. Ne1 $1 {[%csl Rf5]
threatens to trap the f5-bishop. The advantage of not playing Re1 becomes
visible.}) 11... Ng6 12. Bd3 {I still wanted to continue with the plan I had
in mind before the game but it is clearly a worse version as the queen on d8
is ideally placed to meet White's kingside attack plans.} (12. Be3 {was the
normal move leading to unlcear game.}) 12... Bxd3 13. Qxd3 g4 $1 14. Nfd2 Rc8 (
14... c5 15. Nxc5 Nxc5 16. dxc5 Nxe5 17. Qg3 Qf6 {was also fine for Black and
would have given anough counterplay to maintain the balance.}) (14... b6 $5 {
a move which Sethu suggested after the game and a move that I didn't pay
attention to during the game. This could have been very strong too. Black
simply threatens ...c5 and White is not in time to exploit Black's kingside
weakness.} 15. Qe2 (15. c4 c5 $1) 15... c5 16. Qxg4 c4 $1 17. Nxc4 dxc4 18. Nd2
Qh4 19. Qxh4 Nxh4 20. Nxc4 Rac8 $13 {Although the computer thinks it's equal I
would prefer Black here.}) 15. Qe2 $6 (15. Qe3 {still keeps the game even.})
15... c5 $6 {Natural but Black had a much stronger resource at his disposal.} (
15... h5 16. Nf1 {we both felt it could be scary for Black, missing the
following sequence of simple moves:} (16. Qe3 $1 {still keeps things under
control and White is only slightly worse here.}) 16... c5 $1 {only now ....c5
when White can't take it anymore} 17. Ng3 (17. c3 c4 $1) 17... cxd4 18. Nxh5
Qh4 $1 {and Black is clearly better.}) 16. Qxg4 $1 c4 17. Nc5 Nxc5 18. dxc5
Rxc5 19. Nf3 $1 {Here I was already very happy with my position. The kingside
attack is coming slowly but in a very effective way.} d4 $6 (19... Rxa5 $1 {
however scary it looks Black had to go for this.} 20. Rxa5 Qxa5 21. c3 $44 {
The engine thinks Black is fine here, but it does look very scary and White
can force a draw with Qh5-Kh7-Ng5 basically whenever he wants while Black will
have to watch out for White's other attacking plans with h4 and so on. I feel
practically White is more comfortable than Black here.}) 20. Qh5 Rxa5 21. Bxh6
(21. Rxa5 $1 Qxa5 22. Bxh6 $16 {[%cal Gh2h4] was much stronger than what I
played.}) 21... Rxa1 22. Rxa1 Qd5 (22... d3 $1 23. Ng5 Nf4 24. Qg4 dxc2 25.
Bxg7 Qd2 {is easy for computers but not so easy for humans. At least not for
me!}) 23. Qg5 (23. Bxg7 Kxg7 24. h4 {is somewhat similar to what happened in
the game.}) 23... Qd8 24. Qh5 Qd5 25. h4 $1 Nxe5 (25... d3 26. cxd3 cxd3 27.
Bxg7 Kxg7 28. Qg5 f6 29. exf6+ Rxf6 30. Rxa7 $16) 26. Nxe5 {From now on I had
to find a series of only moves to win but it was not that difficult and all
moves were very natural.} (26. Ng5 d3 $17) 26... Bxh6 27. Qxh6 (27. Ra3 {
will mostly transpose to the game after c3.}) 27... Qxe5 28. Ra3 $1 {Otherwise
Black has no problems at all.} c3 (28... d3 29. cxd3 Rd8 30. d4 $1 {thanks to
this little resource White wins!}) 29. bxc3 dxc3 30. Ra4 $1 Qg7 (30... Qf5 $1 {
was more resilient} 31. f3 Qc5+ 32. Kh1 f5 33. Qg6+ Kh8 34. Qh5+ Kg7 35. Rg4+
$1 {It took some time to figure this out but once you get it then it doesn't
take much time to calculate the rest.} Kf6 36. Qh6+ Ke7 37. Rg7+ Rf7 38. Qg5+
Ke8 39. Rg8+ Kd7 40. Qd8+ Kc6 41. Qe8+ Rd7 42. Rg7 Qd4 43. Qxe6+ Kc7 44. Rxd7+
Qxd7 45. Qe5+ Kb6 46. Qxc3 $16) 31. Qh5 $1 f5 32. Rxa7 {Materially Black is
doing fine, but Black's main problem is his exposed king.} Rd8 33. Qf3 $1 {
Forcing a rook endgame.} (33. g3 {is good enough too.}) 33... Qg4 34. Qxg4+
fxg4 35. Rxb7 (35. Ra3 Rc8 36. Rb3 Rc7 37. Kh2) 35... Rd2 (35... g3 36. fxg3
Rd2 37. Re7 $18) 36. Rb4 $1 {White must not let the g4-pawn stay alive.} g3 37.
Rg4+ $1 Kf7 38. Rxg3 Rxc2 39. Rf3+ $1 {The final precise move. Now Black is
completely lost.} Kg6 40. g4 {Now all that is remaining is to transfer the
white rook to the c-file at the right moment.} Rc1+ 41. Kg2 e5 42. Rd3 $1 e4
43. Rd6+ Kg7 44. Rc6 c2 45. h5 Kh7 46. Kh2 {I wanted to play g5 only when the
black king is on the g-file, so that when he attacks my g-pawn with the rook
then I will be able to exchange the rook on the g-file.} (46. g5 Rd1 47. Rxc2
Rd5 48. Rc7+ Kh8 49. Rc8+ Kh7 50. g6+ Kg7 51. Rc7+ Kg8 52. Rh7 {also wins but
only because there are pawns on f2 and e4. Without these two pawns the same
position would be a famous draw after 52...Rd3 which once happened in my game
when I was on the defending side.} Rd3 53. h6 Rd6 54. Rg7+ Kh8 55. Kg3 $18 {
Here White wins as there are no stalemate tricks for Black anymore.}) 46... Kh8
47. Rc7 Kg8 48. g5 Kh8 (48... Rd1 49. Rxc2 Rd5 50. Rc3 {was the whole point of
delaying g5.}) 49. Rc8+ Kg7 50. h6+ Kg6 51. Rc6+ Kh7 52. Rc7+ 1-0

[Event "Edmonton 11th"]
[Site "Edmonton"]
[Date "2016.06.26"]
[Round "9"]
[White "Ganguly, Surya Shekhar"]
[Black "Shirov, Alexei"]
[Result "1-0"]
[WhiteElo "2654"]
[BlackElo "2682"]
[Annotator "Ganguly,Surya"]
[PlyCount "87"]
[EventDate "2016.06.18"]
[EventType "tourn"]
[EventRounds "9"]
[EventCountry "CAN"]
[EventCategory "9"]
[SourceTitle "CBM 173"]
[Source "ChessBase"]
[SourceDate "2016.07.12"]
[SourceVersion "1"]
[SourceVersionDate "2016.07.12"]
[SourceQuality "1"]

1. e4 c5 2. Nf3 Nc6 3. d4 cxd4 4. Nxd4 Nf6 5. Nc3 e5 {I was expecting a
Sveshnikov in this game. Alexei doesn't mind repeating lines and moreover I
hadn't faced Sveshnikov opening in recent times so this was very much expected.
} 6. Ndb5 d6 7. Bg5 a6 8. Na3 b5 9. Nd5 Be7 10. Bxf6 Bxf6 11. c3 Bg5 12. Nc2
Rb8 {Once again my guess turned out to be correct as I had a hunch that he
might opt for this line with ...Bg5-...Rb8 which got revived recently. Earlier
Alexei had only played 0-0 here.} 13. a4 bxa4 14. Ncb4 Nxb4 15. cxb4 (15. Nxb4
{is another main line.}) 15... O-O 16. Rxa4 a5 17. h4 {An important
intermediate move in anticipation of the d5-pawn sac which happened in the
game. In order to understand the purpose of this move one should know what
happens after the normal move 17.b5:} (17. b5 {as both 17.bxa5 and 17.Rxa5 run
into an one move tactic 17.b5 is the only other and perhaps the most natural
reaction in the position. For a long time this line used to be considered
slightly worse for Black until Grischuk came up with a brilliant pawn sac idea.
} Bd7 18. Nc3 d5 $1 {A move which I personally know was found by many players
individually but Grischuk had the first opportunity to use it on the board.} (
18... Qb6 {was the old theory}) 19. Nxd5 (19. exd5 e4 $1 20. Rxe4 f5 21. Rd4
Bf6 $44 {gives Black excellent compensation.}) 19... Be7 20. Qb3 Bb4+ 21. Nxb4
axb4 22. Bc4 Bxb5 $11 {0-1 (51) Dominguez Perez,L (2755)-Grischuk,A (2789)
Bilbao 2014, and Black got easy equality in the game.}) 17... Bh6 {It is
important that White includes h4 precisely at the point when the black bishop
must go to h6.} (17... Be7 $2 18. bxa5 $1 Rxb2 {without the bishop on g5 this
rook is not doing much on b2 and also can be kicked out easily:} 19. Qc1 {
and White is close to winning.}) 18. b5 Bd7 19. Nc3 d5 {So we have got the
same positionas in Dominguiz - Grischuk with h4-Bh6 included.} 20. exd5 e4 $146
(20... Kh8 $5 {Grischuk opted for this when Anand came up with the 17.h4 idea:}
21. Be2 f5 22. g3 {½-½ (41) Anand,V (2804)-Grischuk,A (2781) Stavanger 2015,
with unclear play.}) 21. Be2 {And now we see the point of including h4-Bh6.
Here the black bishop on h6 is not only out of play but also it prevents Black
from pushing his central pawns freely.} (21. Rxe4 f5 22. Rd4 Re8+ 23. Be2 Rxb5
{doesn't give White much.}) 21... f5 (21... e3 {would be nice if it works but
here White has...} 22. f4 $1 {and now either the h6-bishop will be dead for a
long time or Black should play ...g6 when White can counter with h5 and the
rook on h1 becomes active too.}) 22. d6 $1 Kh8 (22... Bf4 {Black would love to
free his bishop but this is still not the right moment for it.} 23. g3 Be5 24.
Qd5+ $18) 23. g3 $1 {Now that Black was threatening to play Bf4-Be5 this move
is important.} f4 $6 {Probably the most natural move, but not the best one. I
had this position on my computer before the game and I vividly remember that
the engines were not happy with ...f4. However, while Alexei was pondering
over his 23rd move I also felt ...f4 is a very natural reaction and goes with
the spirit of the Sveshnikov opening. Without the engines running things are
not that easy, specially over the board.} (23... Rf6 24. Rd4 $1 {was the last
bit of my preparation that I could remember.}) 24. Rxe4 {After a reasonable
amount of thinking, but this was easy by the process of elimination.} Bf5 {
Here I had a choice to play very safe and hope for a small advantage by
castling right now and giving up the exchange or biting the bullet with Re5
which I ended up playing simply because it felt stronger.} 25. Re5 (25. O-O $5
Bxe4 26. Nxe4 {is also fine for White and may be if I had this position some
other day I might have opted for this.}) 25... Qf6 (25... Rb6 {was the other
move that I was looking at. Black can try to attack the annoying pawn on d6.}
26. O-O $1 Bh3 (26... Rxd6 27. Rd5 {leads to a very nice endgame specially as
the bishop on h6 (thanks to h4!) is far away from the game.}) 27. Ne4 Bxf1 28.
Bxf1 $16) 26. Qd5 fxg3 (26... f3 $5 {This looked a bit scary at the board. Now,
having the air-conditioning on and engines running, everything looks under
control. During the game facing Shirov in such a wild position things looks a
bit different. I was certain White is better but nevertheless there were many
lines that had to be calculated.} 27. Bc4 $1 (27. Bxf3 Bg4 $1 (27... Bd7 28.
O-O $1 {White sacs the piece and gets very good compensation} Qxf3 29. Qxf3
Rxf3 30. Re7 {in fact White is significantly better here}) 28. Be2 (28. Bxg4
Qxf2+ 29. Kd1 Qxb2 $19 {now the king is totally exposed and Black wins}) 28...
Qxf2+ 29. Kd1 $13 {was messy and I didn't like this at all.}) 27... Rbe8 28.
Rxe8 Rxe8+ 29. Kf1 $16 {It looks weird but the white king is actually very
safe and White is controlling all the key squares.} Rd8 {is an empty threat as
it doesn't really threaten anything.} 30. Kg1 $1 $18 {Black can't even take
the pawn.}) 27. fxg3 Qg6 (27... Bd3 {After the game some people said it was an
easy game and Shirov lost without a fight. I would love to see how they would
react to such a move without computers :-)} 28. Kd1 {I wanted to play this but
the machine points out a stronger move.} (28. Rf1 {is not advisable!} Qxf1+ 29.
Bxf1 Rxf1#) (28. g4 $1 {is the computer suggestion} Qf2+ 29. Kd1 $18 {and
apparently Black is lost}) 28... Rb6 29. Bxd3 Rxd6 30. Qe4 Rxd3+ 31. Qxd3 Qxe5
32. Kc2 $16 {and White will slowly consolidate I believe.}) (27... g6 {is the
computer suggestion and probably the strongest. Somehow both of us felt that
such a slow move can't work as it allows White to consolidate totally by
castling.} 28. O-O Bg7 $1 {finally the bishop comes back into the game!} 29.
Re7 Rbd8 30. Ne4 Qxe7 31. dxe7 Rxd5 32. exf8=Q+ Bxf8 {White gets to exchange
the queens and remains one pawn up, but Black will have decent chances of
making a draw here now that both of his bishops are in the game.}) 28. g4 $1 {
Otherwise Black is totally fine.} Bc8 (28... Bxg4 {Knowing whom I am playing
with I was making sure that I see all sorts of sacrifices. Shirov would be the
last person on earth to shy away from attack!} 29. Rg1 Qc2 30. Rxg4 Qxb2 {
at this point it felt everything should be winning but nevertheless I decided
to go a little deeper just in case.} 31. Qd4 {felt most logical as it defends
the c3-knight and also keeps an eye on g7 for an attack.} (31. Nd1 Bd2+ 32.
Qxd2 Qxe5 33. Qd4 {was also winning but I was looking for a more direct
solution}) 31... Rbc8 {Otherwise there is no time for Black.} 32. Nd1 $1 (32.
d7 $4 {Initially this is the move I saw and felt I had everything under total
control.} Rxc3 33. d8=Q {I checked the position and felt that I am simply
controlling too many squares and there is little Black can do. I was happy
with this until I found Black can mate in 4 :-)} Rc1+ 34. Bd1 Rxd1+ 35. Kxd1 (
35. Qxd1 Qf2#) 35... Qc1+ 36. Ke2 Qf1# {Yes, White is still controlling most
of the squares, but that doesn't stop him from being mated!}) 32... Bd2+ 33.
Qxd2 Qxe5 34. Qd4 $18 {and after rechecking this line once more I was
confident that I coulddeal with 28...Bg4.}) 29. Ne4 {At this point I was
absolutely sure it's winning. 28...Bc8 is too good to be true for Black. As
Gelfand says in his book... 'it is not important how quickly you win but its
more important that how safely you win' ... so I was looking for the safest
way possible and finally came to this move which forces a queen exchange.} (29.
Qd4 {the engine says this is one of the fastest routes but I trust Gelfand :)})
(29. g5 $5 Bb7 30. Qd1 {I was initially excited with this absolute crazy
retreat} Bxh1 31. Bh5 Qxh5 (31... Bf3 32. Bxf3 Rbe8 33. Rxe8 Rxe8+ 34. Kf2 Bxg5
35. hxg5 Qxg5 36. Qd4 $18) (31... Rbe8 32. Bxg6 Rxe5+ 33. Kd2 $18) 32. Qxh5 Bf3
33. Qxf3 Rxf3 34. Ke2 $16 {should be good enough for White but then the
position I had after 28...Bc8 looked much worse for Black than the current
position.}) 29... Bb7 (29... Bf4 30. h5 Qh6 31. g5 $18) 30. h5 $1 Qxe4 {
Black has no way to escape the queen exchange.} 31. Qxe4 Bxe4 32. Rxe4 Rfd8 33.
Rd4 {Finally, all complications are over and White is two pawns up. While
calculating 29.Ne4 I had to just make sure that I was not losing my d6-pawn
which is the most vital pawn that restricts Black's activity.} Bc1 34. d7 {
This is once again the safest way as it restricts Black totally.} (34. b3 Ba3
35. d7 Rb7 36. Rh3 {I spend some time on making the opposite coloured bishop
ending win but it was unnecessary and moreover probably not winning either!}
Rbxd7 37. Rxd7 Rxd7 38. Rd3 Rxd3 39. Bxd3 Kg8 $1 (39... h6 40. Bc4 $18 {
[%csl Rh8]}) 40. Kd2 h6 41. Kc3 Kf7 42. Kc4 Ke6 43. b6 Kd7 44. Kb5 Kc8 45. Kxa5
Kb8 $11) 34... Bxb2 35. Rd5 Rb7 36. O-O $1 {Not only for aesthetic effect and
getting the pleasure of castling on move 36 but it actually has a point. If I
could, then I would keep my king closer to Black's a-pawn but unfortunately I
couldn't make 36.Rf1 work.} (36. Rf1 Ba3 37. Rf7 Kg8 {mostly I am winning here
too but I have to give up the d-pawn which I didn't want to.}) 36... g6 (36...
Ba3 37. Rfd1 {The point of castling.... White gets to defend the d-pawn. Next
Re5 or Bc4 is coming and Black will be totally fixed.} Be7 38. g5 h6 39. g6
Rbb8 40. Bc4 $18) 37. h6 Ba3 38. Rf7 a4 39. Re5 $1 {Now both rooks will be
fixed.} Rbb8 40. Bc4 {Now the king.} Bf8 41. Kg2 a3 42. Ba2 {And finally the
pawns.} Bd6 43. Re6 Bf8 44. b6 {Next White will play b7 and then Black will be
able to move nothing but his bishop. Alexei decided not to continue further.}
1-0

[Event "ESP-chT Div Honor"]
[Site "Monzon"]
[Date "2016.10.02"]
[Round "7.2"]
[White "Ganguly, Surya Shekhar"]
[Black "Saric, Ivan"]
[Result "1-0"]
[WhiteElo "2672"]
[BlackElo "2668"]
[PlyCount "141"]
[EventDate "2016.09.26"]
[EventType "team-tourn"]
[EventRounds "7"]
[EventCountry "ESP"]
[SourceTitle "CBM 174 Extra"]
[Source "ChessBase"]
[SourceDate "2016.10.10"]
[SourceVersion "1"]
[SourceVersionDate "2016.10.10"]
[SourceQuality "1"]
[WhiteTeam "Solvay"]
[BlackTeam "Merida Patrimonio"]
[WhiteTeamCountry "ESP"]
[BlackTeamCountry "ESP"]

1. e4 c5 2. Nf3 d6 3. d4 cxd4 4. Nxd4 Nf6 5. Nc3 a6 6. h3 e6 7. g4 h6 8. Bg2
Be7 9. Be3 Nc6 10. f4 Nd7 11. O-O O-O 12. Nf3 b5 13. Ne2 Bb7 14. Ng3 d5 15.
exd5 exd5 16. Qxd5 Na5 17. Qd1 Nc4 18. Bd4 Bc5 19. Kh1 Bxd4 20. Qxd4 Nf6 21.
Nf5 Qxd4 22. N3xd4 Bxg2+ 23. Kxg2 Nxb2 24. Ne7+ Kh7 25. g5 Ne4 26. Rfe1 Nc3 27.
Ndc6 Rfe8 28. h4 g6 29. h5 gxh5 30. Rh1 hxg5 31. Rxh5+ Kg7 32. Rxg5+ Kf6 33.
Re1 Nc4 34. Rf5+ Kg7 35. Rg5+ Kf6 36. Rg3 b4 37. f5 Rxe7 38. Nxe7 Ne5 39. Ng8+
Kxf5 40. Nh6+ Kf6 41. Rge3 Kg6 42. Rxe5 Kxh6 43. Kf3 a5 44. Kf4 Kg7 45. a3 bxa3
46. Ra1 Rd8 47. Rxa3 Nd5+ 48. Kf3 Nb4 49. Rc5 Rd2 50. c3 Nd3 51. Rcxa5 Rh2 52.
Rd5 Rh3+ 53. Ke4 Nb2 54. Rd4 Kg6 55. Ra6+ Kg5 56. Rd2 f5+ 57. Kd4 Rh4+ 58. Kd5
Nc4 59. Rd3 Re4 60. Re6 Rg4 61. Rd4 Nb2 62. c4 f4 63. c5 f3 64. Rxg4+ Kxg4 65.
c6 Nd3 66. c7 Nf4+ 67. Ke4 Nxe6 68. c8=Q f2 69. Qc1 Kg3 70. Qe3+ Kg2 71. Qf3+
1-0